000 00356nam a22001337a 4500
008 210301b ||||| |||| 00| 0 eng d
020 _a9780890423127
041 _aeng
080 _a159.9
100 _a48
101 _aPSI
245 _aPractice Guidelines for the Treatment of Psychiatric Disorders
_cAmerican Psychiatric Association
942 _2udc
_cBK
999 _c55362
_d55362